000 00311nam a2200121Ia 4500
008 191201s2007 xx 000 0 und d
100 _aRAFIQUZZAMAN, M
245 0 _aMicroprocessors Theory and Application Intel and Motorola
260 _aN.Delhi
_bPHI
_c2007
300 _a468
650 _aMBA
942 _2ddc
_cBK
999 _c3168
_d3168